| 000 | 00582nam a2200181Ia 4500 | ||
|---|---|---|---|
| 003 | GCL | ||
| 008 | 140319s9999 xx 000 0 ara d | ||
| 040 |
_aGCL / _cGCL |
||
| 082 | 0 | 4 |
_a620.003 _bع ق |
| 100 | 1 | _aعامر حميد محيد | |
| 245 | 1 | 0 |
_aالقاموس الاساسى للمصطلحات العلمية والهندسية / _cعامر حميد محيد |
| 260 |
_a[S.N] : _bلجنة الاعلام والدراسات المستقبلية ، _c1989 |
||
| 300 | _a187 ص | ||
| 490 | _a | ||
| 650 | 0 | 4 | _aالهندسة |
| 650 | 0 | 4 | _aالمعاجم |
| 942 |
_2ddc _cBK |
||
| 999 |
_c52624 _d52624 |
||